Nations Amérindiennes d'Amérique du Nord du XVème Siècle sur une Carte - Statistiques

Statistiques générales
  • Ce quiz a été pris 63 fois
  • Le résultat moyen est 6 sur 46
Réponses sur la Carte
Les réponses sont colorées sur une échelle allant du rouge au vert en fonction du pourcentage des utilisateurs qui les ont devinées à leur premier essai. Vous pouvez retrouver ces pourcentages ci-dessous.
 
Statistiques - réponses
Nations
% Correct
Sioux
66%
Apaches
63%
Iroquois
56%
Cheyennes
47%
Cherokees
38%
Navajos
28%
Mohicans
25%
Comanches
19%
Cris
19%
Pieds Noirs
19%
Pueblos
16%
Abénaquis
13%
Creeks
13%
Micmacs
13%
Shoshones
13%
Béothuks
9%
Groenlandais
9%
Lenapes
9%
Outaouais
9%
Powhatans
9%
Têtes-Plates
9%
Arapahos
6%
Chinook
6%
Haïdas
6%
Hurons-Wendats
6%
Illinois
6%
Mesquakies
6%
Miamis
6%
Osages
6%
Andastes
3%
Caddos
3%
Chaouanons
3%
Culture de Thulé
3%
Kiowas
3%
Ojibwés
3%
Tlingits
3%
Wichitas
3%
Yupiks
3%
Assiniboines
0%
Athabaskans
0%
Chactas
0%
Chicachas
0%
Kootenays
0%
Pequots
0%
Pimas
0%
Potéouatamis
0%
Aucun quiz correspondant
Distribution des résultats
% des personnes avec chaque résultat
Percentile par nombre de réponses
Votre historique - résultats
Vous n’avez pas pris ce quiz